Statistics for Emoji Movie Quiz

Click here to take the quiz!

General Stats

  • This quiz has been taken 325 times
  • The average score is 3 of 5

Answer Stats

HintAnswer% Correct
๐Ÿฆ๐Ÿ‘‘The lion king
78%
๐Ÿ‘ธ๐Ÿฝ๐ŸธPrincess and the frog
75%
๐Ÿ•ท๐ŸทCharlottes web
68%
๐Ÿ‘ฉ๐Ÿป๐Ÿ‘ฆ๐Ÿผ๐Ÿ‘ฆ๐Ÿผ๐Ÿ‘ฆ๐Ÿผ๐Ÿ‘ฆ๐Ÿผ๐Ÿ‘ฆ๐Ÿผ๐Ÿ‘ฆ๐Ÿผ๐Ÿ‘ฆ๐ŸผSnow White
56%
๐Ÿ๐ŸThe bee movie
46%

Score Distribution

Percentile by Number Answered

Percent of People with Each Score

Your Score History

You have not taken this quiz